Major considerations in establishing an operating theatre information system /
محفوظ في:
| المؤلف الرئيسي: | |
|---|---|
| التنسيق: | أطروحة كتاب |
| اللغة: | English |
| منشور في: |
1992.
|
| الموضوعات: | |
| الوسوم: |
إضافة وسم
لا توجد وسوم, كن أول من يضع وسما على هذه التسجيلة!
|
| LEADER | 00901cam a2200253 a 4500 | ||
|---|---|---|---|
| 001 | u329407 | ||
| 003 | SIRSI | ||
| 008 | 930804s1992 si v 00 1 eng m | ||
| 035 | |a ABP-2402 | ||
| 040 | |a UMM | ||
| 043 | |a a-si--- | ||
| 090 | |a RD63 |b Joh | ||
| 100 | 1 | 0 | |a John, Kenneth Chandran. |
| 245 | 1 | 0 | |a Major considerations in establishing an operating theatre information system / |c Kenneth Chandran John. |
| 260 | |c 1992. | ||
| 300 | |a vi, 68 leaves ; |c 30 cm. | ||
| 502 | |a Dissertation (M.B.A.) -- National University of Singapore, 1991. | ||
| 504 | |a Bibliography: leaves 66-67. | ||
| 650 | 0 | |a Operating rooms |x Management |x Data processing. | |
| 650 | 0 | |a Health services administration |z Singapore |x Data processing. | |
| 650 | 0 | |a Management information systems. | |
| 948 | |a 04/08/1993 |b 25/11/2000 | ||
| 596 | |a 1 | ||
| 999 | |a RD63 JOH |w LC |c 1 |i A504452695 |d 21/9/1994 |l STACKS |m P01UTAMA |n 1 |r Y |s Y |t TESIS |u 19/8/1993 | ||
